00375nam a22001337a 4500003000500000005001700005008004100022040000600063082001600069100002200085245007900107260004600186300000900232CEME20210628203728.0210317b xxu||||| |||| 00| 0 eng d c. a621.3 PRO'N aNagrial, M. H. Dr aProcedings of the symposium on drives servos and control (dsc) 19 feb 1992 aNEPEANbUIVERSITY OF WESTERN SYDANYc1992 a9.5P